000 00621nam a2200181Ia 4500
008 090124s9999 xx 000 0 und d
082 _b20440
100 _aवर्दे मोहिनी
245 _a डॉ. रखमाबाई : एक आर्त
250 _a1
260 _bपॉप्य़ुलर प्रकाशन
_c1982
300 _a222
600 _aवर्दे मोहिनी
630 _a डॉ. रखमाबाई : एक आर्त
700 _aवर्दे मोहिनी
730 _a डॉ. रखमाबाई : एक आर्त
942 _cBOOK
999 _c91059
_d91059